BIBLIOTECA

SENCICO

Muros de contención (Registro nro. 1209)

Detalles MARC
000 -LEADER
fixed length control field 00818nam a2200289Ia 4500
005 - DATE AND TIME OF LATEST TRANSACTION
control field 20251020182503.0
008 - FIXED-LENGTH DATA ELEMENTS--GENERAL INFORMATION
fixed length control field 200515s9999 xx 000 0 und d
020 ## - INTERNATIONAL STANDARD BOOK NUMBER
International Standard Book Number 84-329-2962-X
082 ## - DEWEY DECIMAL CLASSIFICATION NUMBER
Classification number 625.737/B23
100 ## - MAIN ENTRY--PERSONAL NAME
Personal name Barros Pena, José
245 #0 - TITLE STATEMENT
Title Muros de contención
250 ## - EDITION STATEMENT
Edition statement 3a ed.
260 ## - PUBLICATION, DISTRIBUTION, ETC.
Place of publication, distribution, etc. Barcelona
260 ## - PUBLICATION, DISTRIBUTION, ETC.
Name of publisher, distributor, etc. Ediciones CEAC
260 ## - PUBLICATION, DISTRIBUTION, ETC.
Date of publication, distribution, etc. 1980
300 ## - PHYSICAL DESCRIPTION
Extent 236 p.
300 ## - PHYSICAL DESCRIPTION
Other physical details il., graf.
490 ## - SERIES STATEMENT
Series statement MONOGRAFÍAS CEAC DE CONSTRUCCIÓN
500 ## - GENERAL NOTE
General note 2 ejemplares
520 ## - SUMMARY, ETC.
Summary, etc. Explica de una forma práctica, pero ayudada por la teoría, los conceptos que se requieren para la realización de un muro de contención de cualquier tipo
650 ## - SUBJECT ADDED ENTRY--TOPICAL TERM
Topical term or geographic name entry element CONSTRUCCION
650 ## - SUBJECT ADDED ENTRY--TOPICAL TERM
Topical term or geographic name entry element MUROS
650 ## - SUBJECT ADDED ENTRY--TOPICAL TERM
Topical term or geographic name entry element MUROS DE CONTENCION
942 ## - ADDED ENTRY ELEMENTS (KOHA)
Koha item type Libros
Existencias
Fecha de la última vez que lo usaron Pago total Signatura topográfica completa Código de barras Precio efectivo desde Tipo de documento Estado perdido Estado dañado No es para préstamo Retirado Ubicación permanente Ubicación actual Fecha de adquisición Número de ejemplar
15/05/2020   625.737/B23 Bib-Lima15051209 15/05/2020 Libros         Biblioteca Central Lima Biblioteca Central Lima 15/05/2020  
15/05/2020   625.737/B23 Bib-Lima16051209 15/05/2020 Libros         Biblioteca Central Lima Biblioteca Central Lima 15/05/2020 Ej.2